Państwa Azji z 4 sąsiadami - Statystyki

Ogólne statystyki
  • Ten quiz został rozwiązany 14 razy
  • Średni wynik to 5 z 9
Statystyki odpowiedzi
Odpowiedź % Poprawnych
Gruzja
80%
Tajlandia
70%
Pakistan
60%
Armenia
50%
Turkmenistan
50%
Jordania
40%
Kirgistan
40%
Tadżykistan
40%
Izrael
20%
Nie znaleziono quizów pasujących do podanych kryteriów
Rozkład punktacji
Procent ludzi z każdym wynikiem
Percentyl według liczby udzielonych odpowiedzi
Twoja historia wyników
Nie rozwiązałeś tego quizu